000
00268nam a2200097Ia 4500
008
240331s9999 xx 000 0 und d
082
_b
PAR
100
_a
Paranavitana, S
245
0
_a
Archaeological survey of Ceylon :
_b
inscriptions of Ceylon-Volume II, part I
942
_c
L
999
_c
3211
_d
3211